000 00505nam a22001817a 4500
003 CEME
005 20210628201914.0
008 210208b xxu||||| |||| 00| 0 eng d
020 _a81-203-2173-1
040 _c.
082 _a658.4034 HAN
100 _aHanna, Mark D ,Newman, W.Rocky
_957350
245 _aIntegrated operations management ,adding value for customers
260 _aNEW DELHI
_bPRENTICE HALL
_c2001
300 _aXXI,753P
650 _aOPERATIONS MANAGEMENT
_956296
942 _cBK
_2ddc
999 _c567640
_d567640